Macroeconomic policies in an interdependent world (Record no. 82289)

MARC details
000 -LEADER
fixed length control field 01262nam a2200241 a 4500
008 - FIXED-LENGTH DATA ELEMENTS--GENERAL INFORMATION
fixed length control field 120416s1989 ||||||||||||||||| || u
020 ## - INTERNATIONAL STANDARD BOOK NUMBER
International Standard Book Number 1557751110
050 ## - LIBRARY OF CONGRESS CALL NUMBER
Classification number HF 1411 Mac
100 ## - MAIN ENTRY--PERSONAL NAME
Personal name Bryant, Ralph C., 1938-
245 10 - TITLE STATEMENT
Title Macroeconomic policies in an interdependent world
Statement of responsibility, etc. edited by Ralph C. Bryant
260 ## - PUBLICATION, DISTRIBUTION, ETC.
Place of publication, distribution, etc. Washington D.C.:
Name of publisher, distributor, etc. IMF
Date of publication, distribution, etc. 1989
300 ## - PHYSICAL DESCRIPTION
Extent vi, 420p. : ill.
350 ## -
-- 0.00
500 ## - GENERAL NOTE
General note Papers from a conference held at the Brookings Institution in Dec. 1988, sponsored by the Institution, the International Monetary Fund, and the Centre for Economic Policy Research. -Includes bibliographical references.
650 ## - SUBJECT ADDED ENTRY--TOPICAL TERM
Topical term or geographic name entry element ECONOMIC POLICY -- CONGRESSES
650 ## - SUBJECT ADDED ENTRY--TOPICAL TERM
Topical term or geographic name entry element INTERNATIONAL ECONOMIC RELATIONS--CONGRESSES
650 ## - SUBJECT ADDED ENTRY--TOPICAL TERM
Topical term or geographic name entry element MACROECONOMICS--CONGRESSES
710 ## - ADDED ENTRY--CORPORATE NAME
Corporate name or jurisdiction name as entry element INTERNATIONAL MONETARY FUND(IMF)
710 ## - ADDED ENTRY--CORPORATE NAME
Corporate name or jurisdiction name as entry element Centre for Economic Policy Research (Great Britain)
710 ## - ADDED ENTRY--CORPORATE NAME
Corporate name or jurisdiction name as entry element Brookings Institution
995 ## -
-- MAIN LIBRARY OPEN ACCESS
-- 0.00
-- 718774
-- CBU-MAIN LIBRARY (Kitwe)
-- 1
-- 729.00
-- HF 1411 Mac
-- 2
-- AVAILABLE
-- 005789
-- Main Library Open Access Collection
995 ## -
-- MAIN LIBRARY OPEN ACCESS
-- 0.00
-- 718773
-- CBU-MAIN LIBRARY (Kitwe)
-- 2
-- 729.00
-- HF 1411 Mac
-- 1
-- AVAILABLE
-- 005788
-- Main Library Open Access Collection
999 ## -
-- 82289
-- 82289
Holdings
Withdrawn status Lost status Source of classification or shelving scheme Damaged status Not for loan Permanent Location Current Location Shelving location Date acquired Total Checkouts Full call number Barcode Date last seen Copy number Price effective from Koha item type
          CBU-MAIN LIBRARY, KITWE. CBU-MAIN LIBRARY, KITWE.   09/27/2023   HF 1411 Mac 005789 09/27/2023 1 09/27/2023 MONOGRAPH
          CBU-MAIN LIBRARY, KITWE. CBU-MAIN LIBRARY, KITWE.   09/27/2023   HF 1411 Mac 005788 09/27/2023 2 09/27/2023 MONOGRAPH